Представление документа в формате MARC21

Поле Инд. ПП Название Значение
Тип записи a
Библиографический уровень m
001 Контрольный номер 88230da5-b1c8-42f1-b5d1-42cc1479813d
005 Дата корректировки 20160115101721.7
008 Кодируемые данные 031126
040 a Служба первич. каталог. НБ ТвГУ
041 0_ a Код языка текста rus
080 a Индекс УДК 398.87(=82)
084 a Индекс другой классификации/Индекс ББК Ш3(2=411.2)-613
090 x Авторский знак К43
a Полочн. индекс 891.7-91
098 d Инвентарный ОРК 79055
098 d Инвентарный ОРК 831
100 1_ a Автор Киреевский Петр Васильевич
d Дата 1808-1856
245 00 a Заглавие Песни, собранные П. В. Киреевским
n Номер части/ раздела Ч. [3], вып. 10
p Название части/ раздела Русь Петровская; Наш век в русских исторических песнях
c Ответственность Под ред. и с доп. П. Бессонова
260 0_ a Место издания Москва
b Издательство Общество любителей российской словесности
c Дата издания 1874
b Издательство Университетская типография (Катков)
300 a Объем [4], 492,II с.
561 1_ a История (примечание) Из коллекции Квашниных-Самариных, Тверской духовной семинарии, Тверского учительского института
650 04 a Основная рубрика Фольклор
z Географическая подрубрика Россия
650 04 a Основная рубрика Русский фольклор
x Основная подрубрика Песни исторические народные
650 04 a Основная рубрика Русские песни исторические народные
653 0_ a Ключевые слова Фольклор
a Ключевые слова Русский фольклор
a Ключевые слова Исторические песни
a Ключевые слова Народные исторические песни
a Ключевые слова Русские народные исторические песни
700 1_ a Другие авторы Бессонов Петр Алексеевич
e Роль лиц ред.
852 41 t Порядковый номер экземпляра 1
p Инвентарный номер 118592
x Примечание, не предназначенное для пользователя Квашнины-Самарины
852 41 x Примечание, не предназначенное для пользователя Твер. духов. семинария
852 41 x Примечание, не предназначенное для пользователя Твер. учит. ин-т
954 a Дата поступления на обработку 20031202
999 a Подразделение 2 ОРК